000 00525nam a2200181Ia 4500
999 _c21127
_d21127
003 OSt
005 20200623122548.0
008 190216s9999||||xx |||||||||||||| ||und||
020 _a9788173045288
040 _coclc
082 _a954.04
_bVAI/P
100 _aVaikuntham, Y
_93128
245 0 _aPeople's Movements In The Princely States /
_cY Vaikuntham
260 _bManohar Publishers,
_aNew Delhi:
_c2004.
300 _a246p
650 _aHistory
942 _cBK
_2ddc
_h954.04
_iVAI/P
_k954.04
_mVAI/P